000 00534cam a22001934a 4500
005 20250605164200.0
008 250528s ||||||||||||||||||||||||d
035 _a19743
020 _a9606306037
040 _aGR-AtMCL
_bgre
_dGR-AtMCL
_eAACR2
245 1 _aΔΙΔΑΚΤΙΚΗ ΜΑΘΗΤΩΝ ΜΕ ΕΙΔΙΚΕΣ ΕΚΠΑΙΔΕΥΤΙΚΕΣ ΑΝΑΓΚΕΣ
250 _a1
260 _c2005
300 _a417
700 1 _aΔελλασουδας Λαυρεντης
_95942
942 _cBK
999 _c4999
_d4999